Datum a čas kvízu
19
Celkem bodů
Celkový počet nahraných bodů na tomto kvízu bez doplňovacích otázek.
9.
Pořadí na kvízu
Konečné umístění týmu na tomto kvízu.
Zaznamenané odpovědi
| # | Otázka | Odpověď | Body | Výsledky |
|---|---|---|---|---|
| 1. | Obyvatelé Ostravy se po 21 let... | (Moravskoslezská vědecká) knihovna | 0 | |
| 2. | Ve vysílání maďarské státní te... | Bratislavský hrad | 1 | |
| 3. | Režisér Karel Janák minulý týd... | Snowboarďáci | 1 | |
| 4. | Který evropský poloostrov post... | Pyrenejský (Iberský) | 1 | |
| 5. | Česká rychlobruslařka Martina... | Nikola Zdráhalová | 0 | |
| 6. | Podíváme se na několik známých... | Cheops / Chufu (Chufev) | 0 | |
| 7. | V Egyptě ještě chvíli zůstane... | Tutanchamon | 1 | |
| 8. | Jak se nazývá tento pantheon –... | Slavín | 0 | |
| 9. | Tento hřbitov je situován při... | Arlingtonský | 0 | |
| 10. | V poslední otázce tématu se po... | Jenny Gump | 0.5 |